000 00861cam a2200277 a 4500
001 3962249
003 ARRUPE
005 20150123133845.0
008 941025s1995 nyu 001 0 eng
010 _a 94041710
020 _a0824514513
040 _aDLC
_cDLC
_dDLC
082 0 0 _a248.2
_220
100 1 _aBergin, Eilis
_914474
245 1 0 _aEnneagram II :
_ba spirituality of brokenness /
_cEilis Bergin and Eddie Fitzgerald
246 3 _aEnneagram 2
246 3 _aEnneagram two
260 _aDublin :
_bSBD Media,
_c1992.
300 _a34p. ;
_c22 cm.
500 _aIncludes index.
650 0 _aEnneagram.
_99416
700 _a Fitzgerald, Eddie
_914602
906 _a7
_bcbc
_corignew
_d1
_eocip
_f19
_gy-gencatlg
942 _2lcc
_cMONOGRAPH
999 _c121849
_d121849